Nézetek, ellentmondások a közösségről
Elmentve itt :
| Szerző: | |
|---|---|
| Dokumentumtípus: | Cikk |
| Megjelent: |
1995
|
| Sorozat: | Módszertani közlemények
35 No. 5 |
| Kulcsszavak: | Neveléstudomány |
| Online Access: | http://acta.bibl.u-szeged.hu/28064 |
| LEADER | 00609nab a2200181 i 4500 | ||
|---|---|---|---|
| 001 | acta28064 | ||
| 005 | 20210222150244.0 | ||
| 008 | 161017s1995 hu o 0|| hun d | ||
| 022 | |a 1219-0608 | ||
| 040 | |a SZTE Egyetemi Kiadványok Repozitórium |b hun | ||
| 041 | |a hun | ||
| 100 | 1 | |a Bóra Ferenc | |
| 245 | 1 | 0 | |a Nézetek, ellentmondások a közösségről |h [elektronikus dokumentum] / |c Bóra Ferenc |
| 260 | |c 1995 | ||
| 300 | |a 194-200 | ||
| 490 | 0 | |a Módszertani közlemények |v 35 No. 5 | |
| 695 | |a Neveléstudomány | ||
| 856 | 4 | 0 | |u http://acta.bibl.u-szeged.hu/28064/1/modszertani_035_005_194-200.pdf |z Dokumentum-elérés |